Statistiques concernant Paroles : Rockollection

Cliquez ici pour prendre le quiz!

Statistiques générales

  • Ce quiz a été pris 806 fois
    (774 depuis la dernière actualisation)
  • Le résultat moyen est 300 sur 425

Statistiques - réponses

Paroles% Correct
à
98%
a
98%
A
98%
Le
98%
le
98%
Un
96%
un
96%
la
95%
on
95%
On
95%
coeur
94%
dans
94%
de
94%
Et
94%
et
94%
(et
94%
fille
94%
tous
94%
une
94%
Une
94%
en
93%
petite
93%
qui
93%
Au
92%
au
92%
que
92%
corps
91%
du
91%
Les
91%
les
91%
truc
91%
encore
90%
l'coeur
90%
I
89%
lycée
89%
sortie
89%
Sortie
89%
chantaient
88%
chantaient)
88%
oubliée
88%
chantait
87%
m'colle
86%
me
86%
Ca
85%
ça
85%
queue
84%
p'tite
83%
Beatles
82%
d'cheval
82%
ma
81%
pour
81%
jupe
80%
plissée
79%
qu'a
79%
je
78%
faire
76%
vie
76%
get
75%
Get
75%
des
74%
morceau
74%
Si
73%
si
73%
do
72%
no
72%
quartier
72%
fait
70%
vieux
68%
liverpool
67%
te
67%
scooter
66%
ticket
65%
va
65%
c'est
64%
foule
64%
mon
64%
suis
64%
échapper
63%
rêve
62%
Saint-Malo
62%
Beach
61%
Ben
61%
Boys
61%
hélicoptère
61%
pas
61%
cirque
60%
sera
59%
Round
58%
round
58%
scene
58%
can't
57%
certif
57%
fois
57%
folie
57%
London
57%
satisfaction
57%
virer
57%
virer)
57%
baby
56%
couper
56%
j'aurais
56%
vacances
56%
ai
55%
plaindre
55%
t'as
55%
tiffs
55%
Big
54%
boule
54%
mais
54%
Mariano
54%
plait
54%
plus
54%
sonne
54%
zéro
54%
Luis
53%
mieux
53%
scarabées
53%
bourdonnent
52%
dit
52%
guitare
52%
maillot
52%
parents
52%
usée
52%
bleus
51%
dansent
51%
camping
50%
faisait
50%
Flots
50%
j'entends
50%
loulous
50%
cailloux
49%
Est-ce
49%
peu
49%
quoi
49%
the
49%
devant
48%
rigolé
48%
stones
48%
Come
47%
it
47%
J'lui
47%
ses
47%
d'aller
46%
Excuse-me
46%
locomotion
46%
payé
46%
roulaient)
46%
roulaient
46%
serai
46%
Sir
46%
bossé
45%
dormait
45%
dormait)
45%
feraille
45%
j'avais
45%
servir
45%
avec
44%
sous
44%
yeah
44%
Betty
42%
chez
41%
Jimmy
41%
like
41%
cafards
40%
hard
40%
night
40%
tonnes
40%
been
39%
day's
39%
It's
39%
And
38%
bande
38%
now
38%
single
38%
caché
37%
fringues
37%
dog
35%
mal
35%
roule
35%
I've
34%
autour
33%
café
33%
dingue
33%
traine
33%
vu
33%
working
33%
dirlot
32%
pauvre
31%
radios
31%
you
30%
piquer
29%
Gloria
28%
know
28%
l'disquaire
28%
banlieue
26%
dance
26%
d'ma
24%
Everybody's
24%
doing
21%
babe
20%
chance
20%
give
19%
frime
18%
if
17%
brand-new
14%
gonna
12%

Distribution des résultats

Percentile par nombre de réponses

% des personnes avec chaque résultat

Votre développement - résultats

Vous n’avez pas pris ce quiz depuis la dernière actualisation